Départements du Massif Central sur une carte - Statistiques

Statistiques générales
  • Ce quiz a été pris 418 fois
  • Le résultat moyen est 16 sur 20
Réponses sur la Carte
Les réponses sont colorées sur une échelle allant du rouge au vert en fonction du pourcentage des utilisateurs qui les ont devinées à leur premier essai. Vous pouvez retrouver ces pourcentages ci-dessous.
 
Statistiques - réponses
Pays % Correct
Puy-de-Dôme
93%
Cantal
92%
Loire
89%
Aveyron
88%
Corrèze
88%
Allier
86%
Lozère
86%
Creuse
85%
Rhône
85%
Ardèche
84%
Haute-Loire
84%
Gard
82%
Hérault
82%
Lot
81%
Tarn
80%
Tarn-et-Garonne
76%
Aude
74%
Haute-Vienne
72%
Haute-Garonne
68%
Saône-et-Loire
65%
Aucun quiz correspondant
Distribution des résultats
% des personnes avec chaque résultat
Percentile par nombre de réponses
Votre historique - résultats
Vous n’avez pas pris ce quiz